Miicro biology (Record no. 240957)
[ view plain ]
| 000 -LEADER | |
|---|---|
| fixed length control field | 01589nam a22002777a 4500 |
| 003 - CONTROL NUMBER IDENTIFIER | |
| control field | St Aloysius Coll |
| 005 - DATE AND TIME OF LATEST TRANSACTION | |
| control field | 20260305181059.0 |
| 008 - FIXED-LENGTH DATA ELEMENTS--GENERAL INFORMATION | |
| fixed length control field | 260226b |||||||| |||| 00| 0 eng d |
| 020 ## - INTERNATIONAL STANDARD BOOK NUMBER | |
| International Standard Book Number | 9781292737423 |
| 040 ## - CATALOGING SOURCE | |
| Transcribing agency | AL |
| 041 ## - LANGUAGE CODE | |
| Language code of text/sound track or separate title | English |
| 082 ## - DEWEY DECIMAL CLASSIFICATION NUMBER | |
| Classification number | 576 |
| Item number | TORM |
| 100 ## - MAIN ENTRY--PERSONAL NAME | |
| Personal name | Gerard J Tortora |
| 9 (RLIN) | 256948 |
| 245 ## - TITLE STATEMENT | |
| Title | Miicro biology |
| Remainder of title | : an introduction |
| 250 ## - EDITION STATEMENT | |
| Edition statement | 14 |
| 260 ## - PUBLICATION, DISTRIBUTION, ETC. | |
| Place of publication, distribution, etc. | London |
| Name of publisher, distributor, etc. | Pearson |
| Date of publication, distribution, etc. | 2025 |
| 300 ## - PHYSICAL DESCRIPTION | |
| Extent | 857p. |
| Other physical details | PB |
| Dimensions | 27x21.5cm |
| 365 ## - TRADE PRICE | |
| Source of price type code | General |
| Price type code | 6278 |
| Price amount | ₹6352.00 |
| Currency code | ₹ |
| Unit of pricing | ₹8143.00 |
| Price note | 22% |
| Price effective from | 23/02/2026 |
| 520 ## - SUMMARY, ETC. | |
| Summary, etc. | Tortora/Case/Bair/Weber/Funke's Microbiology, An Introduction delivers an exceptionally clear presentation of complex topics, a careful balance of concepts and applications, and pedagogically superior art. With a focus on big-picture concepts and themes in microbiology, the text encourages you to visualize and synthesize more difficult topics such as microbial metabolism, immunology and microbial genetics. The trusted clinical focus and student-friendly narrative will help you understand why microbiology is relevant to your future healthcare career. The 14th Edition deepens the clinical focus and integrates SARS-CoV-2 and COVID-19 coverage throughout. Updates include innovative microbiology research, revised immunology chapters, and an extensive diversity, equity and inclusion review. |
| 650 ## - SUBJECT ADDED ENTRY--TOPICAL TERM | |
| Source of heading or term | Genetics and Evolution |
| Topical term or geographic name entry element | Microbiology |
| 9 (RLIN) | 256949 |
| 700 ## - ADDED ENTRY--PERSONAL NAME | |
| Personal name | Case, Christine L |
| 9 (RLIN) | 256950 |
| 700 ## - ADDED ENTRY--PERSONAL NAME | |
| Personal name | Bair, Warner B III |
| 9 (RLIN) | 256951 |
| 700 ## - ADDED ENTRY--PERSONAL NAME | |
| Personal name | Weber, Derek |
| 9 (RLIN) | 256952 |
| 700 ## - ADDED ENTRY--PERSONAL NAME | |
| Personal name | Funke, Berdell R |
| 9 (RLIN) | 256953 |
| 942 ## - ADDED ENTRY ELEMENTS (KOHA) | |
| Source of classification or shelving scheme | Dewey Decimal Classification |
| Koha item type | Book |
| Withdrawn status | Lost status | Source of classification or shelving scheme | Damaged status | Not for loan | Collection code | Home library | Current library | Date acquired | Source of acquisition | Cost, normal purchase price | Total Checkouts | Full call number | Barcode | Date last seen | Cost, replacement price | Price effective from | Koha item type |
|---|---|---|---|---|---|---|---|---|---|---|---|---|---|---|---|---|---|
| Dewey Decimal Classification | Bio Technology | St Aloysius PG Library | St Aloysius PG Library | 02/25/2026 | Biblios Book Point | 6352.00 | 576 TORM | PG025203 | 02/26/2026 | 8143.00 | Book |